<?xml version="1.0" encoding="UTF-8"?>
<record
    xmlns:xsi="http://www.w3.org/2001/XMLSchema-instance"
    xsi:schemaLocation="http://www.loc.gov/MARC21/slim http://www.loc.gov/standards/marcxml/schema/MARC21slim.xsd"
    xmlns="http://www.loc.gov/MARC21/slim">

  <leader>01457cam a2200277Ii 4500</leader>
  <datafield tag="020" ind1=" " ind2=" ">
    <subfield code="a">0191757268 (ebook)</subfield>
  </datafield>
  <datafield tag="020" ind1=" " ind2=" ">
    <subfield code="a">9780191757266 (ebook)</subfield>
  </datafield>
  <datafield tag="040" ind1=" " ind2=" ">
    <subfield code="c">STF</subfield>
  </datafield>
  <datafield tag="082" ind1="0" ind2="4">
    <subfield code="a">333 XEP 2012 C164 Or.1</subfield>
  </datafield>
  <datafield tag="245" ind1="0" ind2="0">
    <subfield code="a">Environment and development economics :</subfield>
    <subfield code="b">essays in honour of Sir Partha Dasgupta /</subfield>
  </datafield>
  <datafield tag="300" ind1=" " ind2=" ">
    <subfield code="a">1 online resource :</subfield>
    <subfield code="b">illustrations (black and white), 1 map (black and white)</subfield>
  </datafield>
  <datafield tag="520" ind1="8" ind2=" ">
    <subfield code="a">This book honours Partha Dasgupta, and the field he helped establish; environment and development economics. It concerns the relationship between social systems and natural systems. Above all, it concerns the poverty-environment nexus: the complex pathways by which people become or remain poor, and resources become or remain overexploited</subfield>
  </datafield>
  <datafield tag="650" ind1=" " ind2="0">
    <subfield code="a">Economic development</subfield>
  </datafield>
  <datafield tag="650" ind1=" " ind2="0">
    <subfield code="a">Economics</subfield>
  </datafield>
  <datafield tag="650" ind1=" " ind2="0">
    <subfield code="a">Environmental economics.</subfield>
  </datafield>
  <datafield tag="650" ind1=" " ind2="0">
    <subfield code="a">Environmental policy</subfield>
  </datafield>
  <datafield tag="700" ind1="1" ind2=" ">
    <subfield code="a">Barrett, Scott</subfield>
  </datafield>
  <datafield tag="700" ind1="1" ind2=" ">
    <subfield code="a">Dasgupta, Partha,</subfield>
  </datafield>
  <datafield tag="700" ind1="1" ind2=" ">
    <subfield code="a">M&#xA9;&#xDE;ler, Karl-G&#xA9;&#x153;ran,</subfield>
  </datafield>
  <datafield tag="700" ind1="1" ind2=" ">
    <subfield code="a">Maskin, Eric,</subfield>
  </datafield>
  <datafield tag="710" ind1="2" ind2=" ">
    <subfield code="a">Ohio Library and Information Network.</subfield>
  </datafield>
  <datafield tag="856" ind1="4" ind2="0">
    <subfield code="u">http://rave.ohiolink.edu/ebooks/ebc/9780199677856</subfield>
  </datafield>
  <datafield tag="856" ind1="4" ind2="0">
    <subfield code="u">https://oxford.universitypressscholarship.com/view/10.1093/acprof:oso/9780199677856.001.0001/acprof-9780199677856</subfield>
  </datafield>
  <datafield tag="856" ind1="4" ind2="0">
    <subfield code="u">http://proxy.ohiolink.edu:9099/login?url=https://oxford.universitypressscholarship.com/view/10.1093/acprof:oso/9780199677856.001.0001/acprof-9780199677856</subfield>
  </datafield>
  <datafield tag="942" ind1=" " ind2=" ">
    <subfield code="c">AEDBB</subfield>
  </datafield>
  <datafield tag="999" ind1=" " ind2=" ">
    <subfield code="c">19310</subfield>
    <subfield code="d">19310</subfield>
  </datafield>
  <datafield tag="952" ind1=" " ind2=" ">
    <subfield code="0">0</subfield>
    <subfield code="1">0</subfield>
    <subfield code="4">0</subfield>
    <subfield code="6">333_000000000000000_XEP_2012_C164_OR_1</subfield>
    <subfield code="7">0</subfield>
    <subfield code="9">84591</subfield>
    <subfield code="a">LBC</subfield>
    <subfield code="b">LBC</subfield>
    <subfield code="c">C164</subfield>
    <subfield code="d">2020-09-11</subfield>
    <subfield code="e">A38879</subfield>
    <subfield code="o">333 XEP 2012 C164 Or.1</subfield>
    <subfield code="r">2020-09-11</subfield>
    <subfield code="y">EK</subfield>
  </datafield>
  <datafield tag="952" ind1=" " ind2=" ">
    <subfield code="0">0</subfield>
    <subfield code="1">0</subfield>
    <subfield code="4">0</subfield>
    <subfield code="6">333_000000000000000_XEP_2012_C164_OR_1</subfield>
    <subfield code="7">0</subfield>
    <subfield code="9">84592</subfield>
    <subfield code="a">LBC</subfield>
    <subfield code="b">LBC</subfield>
    <subfield code="c">C164</subfield>
    <subfield code="d">2020-09-11</subfield>
    <subfield code="e">A38494</subfield>
    <subfield code="o">333 XEP 2012 C164 Or.1</subfield>
    <subfield code="r">2020-09-11</subfield>
    <subfield code="w">2020-09-11</subfield>
    <subfield code="y">EK</subfield>
  </datafield>
  <datafield tag="952" ind1=" " ind2=" ">
    <subfield code="0">0</subfield>
    <subfield code="1">0</subfield>
    <subfield code="4">0</subfield>
    <subfield code="6">333_000000000000000_XEP_2012_C164_OR_1</subfield>
    <subfield code="7">0</subfield>
    <subfield code="9">84593</subfield>
    <subfield code="a">LBC</subfield>
    <subfield code="b">LBC</subfield>
    <subfield code="c">C164</subfield>
    <subfield code="d">2020-09-11</subfield>
    <subfield code="e">A38639</subfield>
    <subfield code="o">333 XEP 2012 C164 Or.1</subfield>
    <subfield code="r">2020-09-11</subfield>
    <subfield code="w">2020-09-11</subfield>
    <subfield code="y">EK</subfield>
  </datafield>
  <datafield tag="952" ind1=" " ind2=" ">
    <subfield code="0">0</subfield>
    <subfield code="1">0</subfield>
    <subfield code="4">0</subfield>
    <subfield code="6">333_000000000000000_XEP_2012_C164_OR_1</subfield>
    <subfield code="7">0</subfield>
    <subfield code="9">84594</subfield>
    <subfield code="a">LBC</subfield>
    <subfield code="b">LBC</subfield>
    <subfield code="c">C164</subfield>
    <subfield code="d">2020-09-11</subfield>
    <subfield code="e">a39091</subfield>
    <subfield code="o">333 XEP 2012 C164 Or.1</subfield>
    <subfield code="r">2020-09-11</subfield>
    <subfield code="w">2020-09-11</subfield>
    <subfield code="y">EK</subfield>
  </datafield>
  <datafield tag="952" ind1=" " ind2=" ">
    <subfield code="0">0</subfield>
    <subfield code="1">0</subfield>
    <subfield code="4">0</subfield>
    <subfield code="6">333_000000000000000_XEP_2012_C164_OR_1</subfield>
    <subfield code="7">0</subfield>
    <subfield code="9">84595</subfield>
    <subfield code="a">LBC</subfield>
    <subfield code="b">LBC</subfield>
    <subfield code="c">C164</subfield>
    <subfield code="d">2020-09-11</subfield>
    <subfield code="e">A38931</subfield>
    <subfield code="o">333 XEP 2012 C164 Or.1</subfield>
    <subfield code="r">2020-09-11</subfield>
    <subfield code="w">2020-09-11</subfield>
    <subfield code="y">RE</subfield>
  </datafield>
  <datafield tag="952" ind1=" " ind2=" ">
    <subfield code="0">0</subfield>
    <subfield code="1">0</subfield>
    <subfield code="4">0</subfield>
    <subfield code="6">333_000000000000000_XEP_2012_C164_OR_1</subfield>
    <subfield code="7">0</subfield>
    <subfield code="9">84596</subfield>
    <subfield code="a">LBC</subfield>
    <subfield code="b">LBC</subfield>
    <subfield code="c">C164</subfield>
    <subfield code="d">2020-09-11</subfield>
    <subfield code="e">A38882</subfield>
    <subfield code="o">333 XEP 2012 C164 Or.1</subfield>
    <subfield code="r">2020-09-11</subfield>
    <subfield code="w">2020-09-11</subfield>
    <subfield code="y">EK</subfield>
  </datafield>
  <datafield tag="952" ind1=" " ind2=" ">
    <subfield code="0">0</subfield>
    <subfield code="1">0</subfield>
    <subfield code="4">0</subfield>
    <subfield code="6">333_000000000000000_XEP_2012_C164_OR_1</subfield>
    <subfield code="7">0</subfield>
    <subfield code="9">84597</subfield>
    <subfield code="a">LBC</subfield>
    <subfield code="b">LBC</subfield>
    <subfield code="c">C164</subfield>
    <subfield code="d">2020-09-11</subfield>
    <subfield code="e">A38787</subfield>
    <subfield code="o">333 XEP 2012 C164 Or.1</subfield>
    <subfield code="r">2020-09-11</subfield>
    <subfield code="w">2020-09-11</subfield>
    <subfield code="y">EK</subfield>
  </datafield>
  <datafield tag="952" ind1=" " ind2=" ">
    <subfield code="0">0</subfield>
    <subfield code="1">0</subfield>
    <subfield code="4">0</subfield>
    <subfield code="6">333_000000000000000_XEP_2012_C164_OR_1</subfield>
    <subfield code="7">0</subfield>
    <subfield code="9">84598</subfield>
    <subfield code="a">LBC</subfield>
    <subfield code="b">LBC</subfield>
    <subfield code="c">C164</subfield>
    <subfield code="d">2020-09-11</subfield>
    <subfield code="e">A38243</subfield>
    <subfield code="o">333 XEP 2012 C164 Or.1</subfield>
    <subfield code="r">2020-09-11</subfield>
    <subfield code="w">2020-09-11</subfield>
    <subfield code="y">EK</subfield>
  </datafield>
  <datafield tag="952" ind1=" " ind2=" ">
    <subfield code="0">0</subfield>
    <subfield code="1">0</subfield>
    <subfield code="4">0</subfield>
    <subfield code="6">333_000000000000000_XEP_2012_C164_OR_1</subfield>
    <subfield code="7">0</subfield>
    <subfield code="9">84599</subfield>
    <subfield code="a">LBC</subfield>
    <subfield code="b">LBC</subfield>
    <subfield code="c">C164</subfield>
    <subfield code="d">2020-09-11</subfield>
    <subfield code="e">A38393</subfield>
    <subfield code="o">333 XEP 2012 C164 Or.1</subfield>
    <subfield code="r">2020-09-11</subfield>
    <subfield code="w">2020-09-11</subfield>
    <subfield code="y">EK</subfield>
  </datafield>
  <datafield tag="952" ind1=" " ind2=" ">
    <subfield code="0">0</subfield>
    <subfield code="1">0</subfield>
    <subfield code="4">0</subfield>
    <subfield code="6">333_000000000000000_XEP_2012_C164_OR_1</subfield>
    <subfield code="7">0</subfield>
    <subfield code="9">84600</subfield>
    <subfield code="a">LBC</subfield>
    <subfield code="b">LBC</subfield>
    <subfield code="c">C164</subfield>
    <subfield code="d">2020-09-11</subfield>
    <subfield code="e">A39076</subfield>
    <subfield code="o">333 XEP 2012 C164 Or.1</subfield>
    <subfield code="r">2020-09-11</subfield>
    <subfield code="w">2020-09-11</subfield>
    <subfield code="y">EK</subfield>
  </datafield>
  <datafield tag="952" ind1=" " ind2=" ">
    <subfield code="0">0</subfield>
    <subfield code="1">0</subfield>
    <subfield code="4">0</subfield>
    <subfield code="6">333_000000000000000_XEP_2012_C164_OR_1</subfield>
    <subfield code="7">0</subfield>
    <subfield code="9">84601</subfield>
    <subfield code="a">LBC</subfield>
    <subfield code="b">LBC</subfield>
    <subfield code="c">C164</subfield>
    <subfield code="d">2020-09-11</subfield>
    <subfield code="e">A38796</subfield>
    <subfield code="o">333 XEP 2012 C164 Or.1</subfield>
    <subfield code="r">2020-09-11</subfield>
    <subfield code="w">2020-09-11</subfield>
    <subfield code="y">EK</subfield>
  </datafield>
  <datafield tag="952" ind1=" " ind2=" ">
    <subfield code="0">0</subfield>
    <subfield code="1">0</subfield>
    <subfield code="4">0</subfield>
    <subfield code="6">333_000000000000000_XEP_2012_C164_OR_1</subfield>
    <subfield code="7">0</subfield>
    <subfield code="9">84602</subfield>
    <subfield code="a">LBC</subfield>
    <subfield code="b">LBC</subfield>
    <subfield code="c">C164</subfield>
    <subfield code="d">2020-09-11</subfield>
    <subfield code="e">A38951</subfield>
    <subfield code="o">333 XEP 2012 C164 Or.1</subfield>
    <subfield code="r">2020-09-11</subfield>
    <subfield code="w">2020-09-11</subfield>
    <subfield code="y">EK</subfield>
  </datafield>
  <datafield tag="952" ind1=" " ind2=" ">
    <subfield code="0">0</subfield>
    <subfield code="1">0</subfield>
    <subfield code="4">0</subfield>
    <subfield code="6">333_000000000000000_XEP_2012_C164_OR_1</subfield>
    <subfield code="7">0</subfield>
    <subfield code="9">84603</subfield>
    <subfield code="a">LBC</subfield>
    <subfield code="b">LBC</subfield>
    <subfield code="c">C164</subfield>
    <subfield code="d">2020-09-11</subfield>
    <subfield code="e">A38801</subfield>
    <subfield code="o">333 XEP 2012 C164 Or.1</subfield>
    <subfield code="r">2020-09-11</subfield>
    <subfield code="w">2020-09-11</subfield>
    <subfield code="y">EK</subfield>
  </datafield>
  <datafield tag="952" ind1=" " ind2=" ">
    <subfield code="0">0</subfield>
    <subfield code="1">0</subfield>
    <subfield code="4">0</subfield>
    <subfield code="6">333_000000000000000_XEP_2012_C164_OR_1</subfield>
    <subfield code="7">0</subfield>
    <subfield code="9">84604</subfield>
    <subfield code="a">LBC</subfield>
    <subfield code="b">LBC</subfield>
    <subfield code="c">C164</subfield>
    <subfield code="d">2020-09-11</subfield>
    <subfield code="e">A39051</subfield>
    <subfield code="o">333 XEP 2012 C164 Or.1</subfield>
    <subfield code="r">2020-09-11</subfield>
    <subfield code="w">2020-09-11</subfield>
    <subfield code="y">EK</subfield>
  </datafield>
  <datafield tag="952" ind1=" " ind2=" ">
    <subfield code="0">0</subfield>
    <subfield code="1">0</subfield>
    <subfield code="4">0</subfield>
    <subfield code="6">333_000000000000000_XEP_2012_C164_OR_1</subfield>
    <subfield code="7">0</subfield>
    <subfield code="9">84605</subfield>
    <subfield code="a">LBC</subfield>
    <subfield code="b">LBC</subfield>
    <subfield code="c">C164</subfield>
    <subfield code="d">2020-09-11</subfield>
    <subfield code="e">A38299</subfield>
    <subfield code="o">333 XEP 2012 C164 Or.1</subfield>
    <subfield code="r">2020-09-11</subfield>
    <subfield code="w">2020-09-11</subfield>
    <subfield code="y">EK</subfield>
  </datafield>
  <datafield tag="952" ind1=" " ind2=" ">
    <subfield code="0">0</subfield>
    <subfield code="1">0</subfield>
    <subfield code="4">0</subfield>
    <subfield code="6">333_000000000000000_XEP_2012_C164_OR_1</subfield>
    <subfield code="7">0</subfield>
    <subfield code="9">84606</subfield>
    <subfield code="a">LBC</subfield>
    <subfield code="b">LBC</subfield>
    <subfield code="c">C164</subfield>
    <subfield code="d">2020-09-11</subfield>
    <subfield code="e">A38543</subfield>
    <subfield code="o">333 XEP 2012 C164 Or.1</subfield>
    <subfield code="r">2020-09-11</subfield>
    <subfield code="w">2020-09-11</subfield>
    <subfield code="y">EK</subfield>
  </datafield>
  <datafield tag="952" ind1=" " ind2=" ">
    <subfield code="0">0</subfield>
    <subfield code="1">0</subfield>
    <subfield code="4">0</subfield>
    <subfield code="6">333_000000000000000_XEP_2012_C164_OR_1</subfield>
    <subfield code="7">0</subfield>
    <subfield code="9">84607</subfield>
    <subfield code="a">LBC</subfield>
    <subfield code="b">LBC</subfield>
    <subfield code="c">C164</subfield>
    <subfield code="d">2020-09-11</subfield>
    <subfield code="e">A38618</subfield>
    <subfield code="o">333 XEP 2012 C164 Or.1</subfield>
    <subfield code="r">2020-09-11</subfield>
    <subfield code="w">2020-09-11</subfield>
    <subfield code="y">EK</subfield>
  </datafield>
  <datafield tag="952" ind1=" " ind2=" ">
    <subfield code="0">0</subfield>
    <subfield code="1">0</subfield>
    <subfield code="4">0</subfield>
    <subfield code="6">333_000000000000000_XEP_2012_C164_OR_1</subfield>
    <subfield code="7">0</subfield>
    <subfield code="9">84608</subfield>
    <subfield code="a">LBC</subfield>
    <subfield code="b">LBC</subfield>
    <subfield code="c">C164</subfield>
    <subfield code="d">2020-09-11</subfield>
    <subfield code="e">A38634</subfield>
    <subfield code="o">333 XEP 2012 C164 Or.1</subfield>
    <subfield code="r">2020-09-11</subfield>
    <subfield code="w">2020-09-11</subfield>
    <subfield code="y">EK</subfield>
  </datafield>
  <datafield tag="952" ind1=" " ind2=" ">
    <subfield code="0">0</subfield>
    <subfield code="1">0</subfield>
    <subfield code="4">0</subfield>
    <subfield code="6">333_000000000000000_XEP_2012_C164_OR_1</subfield>
    <subfield code="7">0</subfield>
    <subfield code="9">84609</subfield>
    <subfield code="a">LBC</subfield>
    <subfield code="b">LBC</subfield>
    <subfield code="c">C164</subfield>
    <subfield code="d">2020-09-11</subfield>
    <subfield code="e">A38679</subfield>
    <subfield code="o">333 XEP 2012 C164 Or.1</subfield>
    <subfield code="r">2020-09-11</subfield>
    <subfield code="w">2020-09-11</subfield>
    <subfield code="y">EK</subfield>
  </datafield>
  <datafield tag="952" ind1=" " ind2=" ">
    <subfield code="0">0</subfield>
    <subfield code="1">0</subfield>
    <subfield code="4">0</subfield>
    <subfield code="6">333_000000000000000_XEP_2012_C164_OR_1</subfield>
    <subfield code="7">0</subfield>
    <subfield code="9">84610</subfield>
    <subfield code="a">LBC</subfield>
    <subfield code="b">LBC</subfield>
    <subfield code="c">C164</subfield>
    <subfield code="d">2020-09-11</subfield>
    <subfield code="e">A38318</subfield>
    <subfield code="o">333 XEP 2012 C164 Or.1</subfield>
    <subfield code="r">2020-09-11</subfield>
    <subfield code="w">2020-09-11</subfield>
    <subfield code="y">EK</subfield>
  </datafield>
  <datafield tag="952" ind1=" " ind2=" ">
    <subfield code="0">0</subfield>
    <subfield code="1">0</subfield>
    <subfield code="4">0</subfield>
    <subfield code="6">333_000000000000000_XEP_2012_C164_OR_1</subfield>
    <subfield code="7">0</subfield>
    <subfield code="9">84611</subfield>
    <subfield code="a">LBC</subfield>
    <subfield code="b">LBC</subfield>
    <subfield code="c">C164</subfield>
    <subfield code="d">2020-09-11</subfield>
    <subfield code="e">A39036</subfield>
    <subfield code="o">333 XEP 2012 C164 Or.1</subfield>
    <subfield code="r">2020-09-11</subfield>
    <subfield code="w">2020-09-11</subfield>
    <subfield code="y">EK</subfield>
  </datafield>
  <datafield tag="952" ind1=" " ind2=" ">
    <subfield code="0">0</subfield>
    <subfield code="1">0</subfield>
    <subfield code="4">0</subfield>
    <subfield code="6">333_000000000000000_XEP_2012_C164_OR_1</subfield>
    <subfield code="7">0</subfield>
    <subfield code="9">84612</subfield>
    <subfield code="a">LBC</subfield>
    <subfield code="b">LBC</subfield>
    <subfield code="c">C164</subfield>
    <subfield code="d">2020-09-11</subfield>
    <subfield code="e">A39026</subfield>
    <subfield code="o">333 XEP 2012 C164 Or.1</subfield>
    <subfield code="r">2020-09-11</subfield>
    <subfield code="w">2020-09-11</subfield>
    <subfield code="y">EK</subfield>
  </datafield>
  <datafield tag="952" ind1=" " ind2=" ">
    <subfield code="0">0</subfield>
    <subfield code="1">0</subfield>
    <subfield code="4">0</subfield>
    <subfield code="6">333_000000000000000_XEP_2012_C164_OR_1</subfield>
    <subfield code="7">0</subfield>
    <subfield code="9">84613</subfield>
    <subfield code="a">LBC</subfield>
    <subfield code="b">LBC</subfield>
    <subfield code="c">C164</subfield>
    <subfield code="d">2020-09-11</subfield>
    <subfield code="e">A38559</subfield>
    <subfield code="o">333 XEP 2012 C164 Or.1</subfield>
    <subfield code="r">2020-09-11</subfield>
    <subfield code="w">2020-09-11</subfield>
    <subfield code="y">EK</subfield>
  </datafield>
  <datafield tag="952" ind1=" " ind2=" ">
    <subfield code="0">0</subfield>
    <subfield code="1">0</subfield>
    <subfield code="4">0</subfield>
    <subfield code="6">333_000000000000000_XEP_2012_C164_OR_1</subfield>
    <subfield code="7">0</subfield>
    <subfield code="9">84614</subfield>
    <subfield code="a">LBC</subfield>
    <subfield code="b">LBC</subfield>
    <subfield code="c">C164</subfield>
    <subfield code="d">2020-09-11</subfield>
    <subfield code="e">A38684</subfield>
    <subfield code="o">333 XEP 2012 C164 Or.1</subfield>
    <subfield code="r">2020-09-11</subfield>
    <subfield code="w">2020-09-11</subfield>
    <subfield code="y">EK</subfield>
  </datafield>
  <datafield tag="952" ind1=" " ind2=" ">
    <subfield code="0">0</subfield>
    <subfield code="1">0</subfield>
    <subfield code="4">0</subfield>
    <subfield code="6">333_000000000000000_XEP_2012_C164_OR_1</subfield>
    <subfield code="7">0</subfield>
    <subfield code="9">84615</subfield>
    <subfield code="a">LBC</subfield>
    <subfield code="b">LBC</subfield>
    <subfield code="c">C164</subfield>
    <subfield code="d">2020-09-11</subfield>
    <subfield code="e">A38609</subfield>
    <subfield code="o">333 XEP 2012 C164 Or.1</subfield>
    <subfield code="r">2020-09-11</subfield>
    <subfield code="w">2020-09-11</subfield>
    <subfield code="y">EK</subfield>
  </datafield>
  <datafield tag="952" ind1=" " ind2=" ">
    <subfield code="0">0</subfield>
    <subfield code="1">0</subfield>
    <subfield code="4">0</subfield>
    <subfield code="6">333_000000000000000_XEP_2012_C164_OR_1</subfield>
    <subfield code="7">0</subfield>
    <subfield code="9">84616</subfield>
    <subfield code="a">LBC</subfield>
    <subfield code="b">LBC</subfield>
    <subfield code="c">C164</subfield>
    <subfield code="d">2020-09-11</subfield>
    <subfield code="e">A39589</subfield>
    <subfield code="o">333 XEP 2012 C164 Or.1</subfield>
    <subfield code="r">2020-09-11</subfield>
    <subfield code="w">2020-09-11</subfield>
    <subfield code="y">EK</subfield>
  </datafield>
  <datafield tag="952" ind1=" " ind2=" ">
    <subfield code="0">0</subfield>
    <subfield code="1">0</subfield>
    <subfield code="4">0</subfield>
    <subfield code="6">333_000000000000000_XEP_2012_C164_OR_1</subfield>
    <subfield code="7">0</subfield>
    <subfield code="9">84617</subfield>
    <subfield code="a">LBC</subfield>
    <subfield code="b">LBC</subfield>
    <subfield code="c">C164</subfield>
    <subfield code="d">2020-09-11</subfield>
    <subfield code="e">A38333</subfield>
    <subfield code="o">333 XEP 2012 C164 Or.1</subfield>
    <subfield code="r">2020-09-11</subfield>
    <subfield code="w">2020-09-11</subfield>
    <subfield code="y">EK</subfield>
  </datafield>
  <datafield tag="952" ind1=" " ind2=" ">
    <subfield code="0">0</subfield>
    <subfield code="1">0</subfield>
    <subfield code="4">0</subfield>
    <subfield code="6">333_000000000000000_XEP_2012_C164_OR_1</subfield>
    <subfield code="7">0</subfield>
    <subfield code="9">84618</subfield>
    <subfield code="a">LBC</subfield>
    <subfield code="b">LBC</subfield>
    <subfield code="c">C164</subfield>
    <subfield code="d">2020-09-11</subfield>
    <subfield code="e">A38258</subfield>
    <subfield code="o">333 XEP 2012 C164 Or.1</subfield>
    <subfield code="r">2020-09-11</subfield>
    <subfield code="w">2020-09-11</subfield>
    <subfield code="y">EK</subfield>
  </datafield>
  <datafield tag="952" ind1=" " ind2=" ">
    <subfield code="0">0</subfield>
    <subfield code="1">0</subfield>
    <subfield code="4">0</subfield>
    <subfield code="6">333_000000000000000_XEP_2012_C164_OR_1</subfield>
    <subfield code="7">0</subfield>
    <subfield code="9">84619</subfield>
    <subfield code="a">LBC</subfield>
    <subfield code="b">LBC</subfield>
    <subfield code="c">C164</subfield>
    <subfield code="d">2020-09-11</subfield>
    <subfield code="e">A38614</subfield>
    <subfield code="o">333 XEP 2012 C164 Or.1</subfield>
    <subfield code="r">2020-09-11</subfield>
    <subfield code="w">2020-09-11</subfield>
    <subfield code="y">EK</subfield>
  </datafield>
  <datafield tag="952" ind1=" " ind2=" ">
    <subfield code="0">0</subfield>
    <subfield code="1">0</subfield>
    <subfield code="4">0</subfield>
    <subfield code="6">333_000000000000000_XEP_2012_C164_OR_1</subfield>
    <subfield code="7">0</subfield>
    <subfield code="9">84620</subfield>
    <subfield code="a">LBC</subfield>
    <subfield code="b">LBC</subfield>
    <subfield code="c">C164</subfield>
    <subfield code="d">2020-09-11</subfield>
    <subfield code="e">A38539</subfield>
    <subfield code="o">333 XEP 2012 C164 Or.1</subfield>
    <subfield code="r">2020-09-11</subfield>
    <subfield code="w">2020-09-11</subfield>
    <subfield code="y">EK</subfield>
  </datafield>
  <datafield tag="952" ind1=" " ind2=" ">
    <subfield code="0">0</subfield>
    <subfield code="1">0</subfield>
    <subfield code="4">0</subfield>
    <subfield code="6">333_000000000000000_XEP_2012_C164_OR_1</subfield>
    <subfield code="7">0</subfield>
    <subfield code="9">84621</subfield>
    <subfield code="a">LBC</subfield>
    <subfield code="b">LBC</subfield>
    <subfield code="c">C164</subfield>
    <subfield code="d">2020-09-11</subfield>
    <subfield code="e">A39170</subfield>
    <subfield code="o">333 XEP 2012 C164 Or.1</subfield>
    <subfield code="r">2020-09-11</subfield>
    <subfield code="w">2020-09-11</subfield>
    <subfield code="y">EK</subfield>
  </datafield>
  <datafield tag="952" ind1=" " ind2=" ">
    <subfield code="0">0</subfield>
    <subfield code="1">0</subfield>
    <subfield code="4">0</subfield>
    <subfield code="6">333_000000000000000_XEP_2012_C164_OR_1</subfield>
    <subfield code="7">0</subfield>
    <subfield code="9">84622</subfield>
    <subfield code="a">LBC</subfield>
    <subfield code="b">LBC</subfield>
    <subfield code="c">C164</subfield>
    <subfield code="d">2020-09-11</subfield>
    <subfield code="e">A38374</subfield>
    <subfield code="o">333 XEP 2012 C164 Or.1</subfield>
    <subfield code="r">2020-09-11</subfield>
    <subfield code="w">2020-09-11</subfield>
    <subfield code="y">EK</subfield>
  </datafield>
  <datafield tag="952" ind1=" " ind2=" ">
    <subfield code="0">0</subfield>
    <subfield code="1">0</subfield>
    <subfield code="4">0</subfield>
    <subfield code="6">333_000000000000000_XEP_2012_C164_OR_1</subfield>
    <subfield code="7">0</subfield>
    <subfield code="9">84623</subfield>
    <subfield code="a">LBC</subfield>
    <subfield code="b">LBC</subfield>
    <subfield code="c">C164</subfield>
    <subfield code="d">2020-09-11</subfield>
    <subfield code="e">A38339</subfield>
    <subfield code="o">333 XEP 2012 C164 Or.1</subfield>
    <subfield code="r">2020-09-11</subfield>
    <subfield code="w">2020-09-11</subfield>
    <subfield code="y">EK</subfield>
  </datafield>
  <datafield tag="952" ind1=" " ind2=" ">
    <subfield code="0">0</subfield>
    <subfield code="1">0</subfield>
    <subfield code="4">0</subfield>
    <subfield code="6">333_000000000000000_XEP_2012_C164_OR_1</subfield>
    <subfield code="7">0</subfield>
    <subfield code="9">84624</subfield>
    <subfield code="a">LBC</subfield>
    <subfield code="b">LBC</subfield>
    <subfield code="c">C164</subfield>
    <subfield code="d">2020-09-11</subfield>
    <subfield code="e">A39147</subfield>
    <subfield code="o">333 XEP 2012 C164 Or.1</subfield>
    <subfield code="r">2020-09-11</subfield>
    <subfield code="w">2020-09-11</subfield>
    <subfield code="y">EK</subfield>
  </datafield>
  <datafield tag="952" ind1=" " ind2=" ">
    <subfield code="0">0</subfield>
    <subfield code="1">0</subfield>
    <subfield code="4">0</subfield>
    <subfield code="6">333_000000000000000_XEP_2012_C164_OR_1</subfield>
    <subfield code="7">0</subfield>
    <subfield code="9">84625</subfield>
    <subfield code="a">LBC</subfield>
    <subfield code="b">LBC</subfield>
    <subfield code="c">C164</subfield>
    <subfield code="d">2020-09-11</subfield>
    <subfield code="e">A39222</subfield>
    <subfield code="o">333 XEP 2012 C164 Or.1</subfield>
    <subfield code="r">2020-09-11</subfield>
    <subfield code="w">2020-09-11</subfield>
    <subfield code="y">EK</subfield>
  </datafield>
  <datafield tag="952" ind1=" " ind2=" ">
    <subfield code="0">0</subfield>
    <subfield code="1">0</subfield>
    <subfield code="4">0</subfield>
    <subfield code="6">333_000000000000000_XEP_2012_C164_OR_1</subfield>
    <subfield code="7">0</subfield>
    <subfield code="9">84626</subfield>
    <subfield code="a">LBC</subfield>
    <subfield code="b">LBC</subfield>
    <subfield code="c">C164</subfield>
    <subfield code="d">2020-09-11</subfield>
    <subfield code="e">A38554</subfield>
    <subfield code="o">333 XEP 2012 C164 Or.1</subfield>
    <subfield code="r">2020-09-11</subfield>
    <subfield code="w">2020-09-11</subfield>
    <subfield code="y">EK</subfield>
  </datafield>
  <datafield tag="952" ind1=" " ind2=" ">
    <subfield code="0">0</subfield>
    <subfield code="1">0</subfield>
    <subfield code="4">0</subfield>
    <subfield code="6">333_000000000000000_XEP_2012_C164_OR_1</subfield>
    <subfield code="7">0</subfield>
    <subfield code="9">84627</subfield>
    <subfield code="a">LBC</subfield>
    <subfield code="b">LBC</subfield>
    <subfield code="d">2020-09-11</subfield>
    <subfield code="e">A38479</subfield>
    <subfield code="o">333 XEP 2012 C164 Or.1</subfield>
    <subfield code="r">2020-09-11</subfield>
    <subfield code="y">EK</subfield>
  </datafield>
  <datafield tag="952" ind1=" " ind2=" ">
    <subfield code="0">0</subfield>
    <subfield code="1">0</subfield>
    <subfield code="4">0</subfield>
    <subfield code="6">333_000000000000000_XEP_2012_C164_OR_1</subfield>
    <subfield code="7">0</subfield>
    <subfield code="9">84628</subfield>
    <subfield code="a">LBC</subfield>
    <subfield code="b">LBC</subfield>
    <subfield code="c">C164</subfield>
    <subfield code="d">2020-09-11</subfield>
    <subfield code="e">A38564</subfield>
    <subfield code="o">333 XEP 2012 C164 Or.1</subfield>
    <subfield code="r">2020-09-11</subfield>
    <subfield code="w">2020-09-11</subfield>
    <subfield code="y">EK</subfield>
  </datafield>
  <datafield tag="952" ind1=" " ind2=" ">
    <subfield code="0">0</subfield>
    <subfield code="1">0</subfield>
    <subfield code="4">0</subfield>
    <subfield code="6">333_000000000000000_XEP_2012_C164_OR_1</subfield>
    <subfield code="7">0</subfield>
    <subfield code="9">84629</subfield>
    <subfield code="a">LBC</subfield>
    <subfield code="b">LBC</subfield>
    <subfield code="c">C164</subfield>
    <subfield code="d">2020-09-11</subfield>
    <subfield code="e">A38269</subfield>
    <subfield code="o">333 XEP 2012 C164 Or.1</subfield>
    <subfield code="r">2020-09-11</subfield>
    <subfield code="w">2020-09-11</subfield>
    <subfield code="y">EK</subfield>
  </datafield>
  <datafield tag="952" ind1=" " ind2=" ">
    <subfield code="0">0</subfield>
    <subfield code="1">0</subfield>
    <subfield code="4">0</subfield>
    <subfield code="6">333_000000000000000_XEP_2012_C164_OR_1</subfield>
    <subfield code="7">0</subfield>
    <subfield code="9">84630</subfield>
    <subfield code="a">LBC</subfield>
    <subfield code="b">LBC</subfield>
    <subfield code="c">C164</subfield>
    <subfield code="d">2020-09-11</subfield>
    <subfield code="e">A38344</subfield>
    <subfield code="o">333 XEP 2012 C164 Or.1</subfield>
    <subfield code="r">2020-09-11</subfield>
    <subfield code="w">2020-09-11</subfield>
    <subfield code="y">EK</subfield>
  </datafield>
  <datafield tag="952" ind1=" " ind2=" ">
    <subfield code="0">0</subfield>
    <subfield code="1">0</subfield>
    <subfield code="4">0</subfield>
    <subfield code="6">333_000000000000000_XEP_2012_C164_OR_1</subfield>
    <subfield code="7">0</subfield>
    <subfield code="9">84631</subfield>
    <subfield code="a">LBC</subfield>
    <subfield code="b">LBC</subfield>
    <subfield code="c">C164</subfield>
    <subfield code="d">2020-09-11</subfield>
    <subfield code="e">a39246</subfield>
    <subfield code="o">333 XEP 2012 C164 Or.1</subfield>
    <subfield code="r">2020-09-11</subfield>
    <subfield code="w">2020-09-11</subfield>
    <subfield code="y">EK</subfield>
  </datafield>
  <datafield tag="952" ind1=" " ind2=" ">
    <subfield code="0">0</subfield>
    <subfield code="1">0</subfield>
    <subfield code="4">0</subfield>
    <subfield code="6">333_000000000000000_XEP_2012_C164_OR_1</subfield>
    <subfield code="7">0</subfield>
    <subfield code="9">84632</subfield>
    <subfield code="a">LBC</subfield>
    <subfield code="b">LBC</subfield>
    <subfield code="c">C164</subfield>
    <subfield code="d">2020-09-22</subfield>
    <subfield code="e">A38419</subfield>
    <subfield code="o">333 XEP 2012 C164 Or.1</subfield>
    <subfield code="r">2020-09-22</subfield>
    <subfield code="w">2020-09-22</subfield>
    <subfield code="y">EK</subfield>
  </datafield>
  <datafield tag="952" ind1=" " ind2=" ">
    <subfield code="0">0</subfield>
    <subfield code="1">0</subfield>
    <subfield code="4">0</subfield>
    <subfield code="6">333_000000000000000_XEP_2012_C164_OR_1</subfield>
    <subfield code="7">0</subfield>
    <subfield code="9">84633</subfield>
    <subfield code="a">LBC</subfield>
    <subfield code="b">LBC</subfield>
    <subfield code="c">C164</subfield>
    <subfield code="d">2020-09-22</subfield>
    <subfield code="e">A38976</subfield>
    <subfield code="o">333 XEP 2012 C164 Or.1</subfield>
    <subfield code="r">2020-09-22</subfield>
    <subfield code="w">2020-09-22</subfield>
    <subfield code="y">EK</subfield>
  </datafield>
  <datafield tag="952" ind1=" " ind2=" ">
    <subfield code="0">0</subfield>
    <subfield code="1">0</subfield>
    <subfield code="4">0</subfield>
    <subfield code="6">333_000000000000000_XEP_2012_C164_OR_1</subfield>
    <subfield code="7">0</subfield>
    <subfield code="9">84634</subfield>
    <subfield code="a">LBC</subfield>
    <subfield code="b">LBC</subfield>
    <subfield code="c">C164</subfield>
    <subfield code="d">2020-09-22</subfield>
    <subfield code="e">A38544</subfield>
    <subfield code="o">333 XEP 2012 C164 Or.1</subfield>
    <subfield code="r">2020-09-22</subfield>
    <subfield code="w">2020-09-22</subfield>
    <subfield code="y">EK</subfield>
  </datafield>
  <datafield tag="952" ind1=" " ind2=" ">
    <subfield code="0">0</subfield>
    <subfield code="1">0</subfield>
    <subfield code="4">0</subfield>
    <subfield code="6">333_000000000000000_XEP_2012_C164_OR_1</subfield>
    <subfield code="7">0</subfield>
    <subfield code="9">84635</subfield>
    <subfield code="a">LBC</subfield>
    <subfield code="b">LBC</subfield>
    <subfield code="c">C164</subfield>
    <subfield code="d">2020-09-22</subfield>
    <subfield code="e">A38857</subfield>
    <subfield code="o">333 XEP 2012 C164 Or.1</subfield>
    <subfield code="r">2020-09-22</subfield>
    <subfield code="w">2020-09-22</subfield>
    <subfield code="y">EK</subfield>
  </datafield>
  <datafield tag="952" ind1=" " ind2=" ">
    <subfield code="0">0</subfield>
    <subfield code="1">0</subfield>
    <subfield code="4">0</subfield>
    <subfield code="6">333_000000000000000_XEP_2012_C164_OR_1</subfield>
    <subfield code="7">0</subfield>
    <subfield code="9">84636</subfield>
    <subfield code="a">LBC</subfield>
    <subfield code="b">LBC</subfield>
    <subfield code="c">C164</subfield>
    <subfield code="d">2020-09-22</subfield>
    <subfield code="e">A39231</subfield>
    <subfield code="o">333 XEP 2012 C164 Or.1</subfield>
    <subfield code="r">2020-09-22</subfield>
    <subfield code="w">2020-09-22</subfield>
    <subfield code="y">EK</subfield>
  </datafield>
  <datafield tag="952" ind1=" " ind2=" ">
    <subfield code="0">0</subfield>
    <subfield code="1">0</subfield>
    <subfield code="4">0</subfield>
    <subfield code="6">333_000000000000000_XEP_2012_C164_OR_1</subfield>
    <subfield code="7">0</subfield>
    <subfield code="9">84637</subfield>
    <subfield code="a">LBC</subfield>
    <subfield code="b">LBC</subfield>
    <subfield code="c">C164</subfield>
    <subfield code="d">2020-09-22</subfield>
    <subfield code="e">A38268</subfield>
    <subfield code="o">333 XEP 2012 C164 Or.1</subfield>
    <subfield code="r">2020-09-22</subfield>
    <subfield code="w">2020-09-22</subfield>
    <subfield code="y">EK</subfield>
  </datafield>
  <datafield tag="952" ind1=" " ind2=" ">
    <subfield code="0">0</subfield>
    <subfield code="1">0</subfield>
    <subfield code="4">0</subfield>
    <subfield code="6">333_000000000000000_XEP_2012_C164_OR_1</subfield>
    <subfield code="7">0</subfield>
    <subfield code="9">84638</subfield>
    <subfield code="a">LBC</subfield>
    <subfield code="b">LBC</subfield>
    <subfield code="c">C164</subfield>
    <subfield code="d">2020-09-22</subfield>
    <subfield code="e">A39226</subfield>
    <subfield code="o">333 XEP 2012 C164 Or.1</subfield>
    <subfield code="r">2020-09-22</subfield>
    <subfield code="w">2020-09-22</subfield>
    <subfield code="y">EK</subfield>
  </datafield>
  <datafield tag="952" ind1=" " ind2=" ">
    <subfield code="0">0</subfield>
    <subfield code="1">0</subfield>
    <subfield code="4">0</subfield>
    <subfield code="6">333_000000000000000_XEP_2012_C164_OR_1</subfield>
    <subfield code="7">0</subfield>
    <subfield code="9">84639</subfield>
    <subfield code="a">LBC</subfield>
    <subfield code="b">LBC</subfield>
    <subfield code="c">C164</subfield>
    <subfield code="d">2020-09-22</subfield>
    <subfield code="e">A38961</subfield>
    <subfield code="o">333 XEP 2012 C164 Or.1</subfield>
    <subfield code="r">2020-09-22</subfield>
    <subfield code="w">2020-09-22</subfield>
    <subfield code="y">EK</subfield>
  </datafield>
  <datafield tag="952" ind1=" " ind2=" ">
    <subfield code="0">0</subfield>
    <subfield code="1">0</subfield>
    <subfield code="4">0</subfield>
    <subfield code="6">333_000000000000000_XEP_2012_C164_OR_1</subfield>
    <subfield code="7">0</subfield>
    <subfield code="9">84640</subfield>
    <subfield code="a">LBC</subfield>
    <subfield code="b">LBC</subfield>
    <subfield code="c">C164</subfield>
    <subfield code="d">2020-09-22</subfield>
    <subfield code="e">A38338</subfield>
    <subfield code="o">333 XEP 2012 C164 Or.1</subfield>
    <subfield code="r">2020-09-22</subfield>
    <subfield code="w">2020-09-22</subfield>
    <subfield code="y">EK</subfield>
  </datafield>
</record>
